000 00333nam a22001217a 4500
008 131202b xxu||||| |||| 00| 0 eng d
050 _aPR6005.O4.R6 1975
100 _aConrad, Joseph
_94589
245 _aThe Rover
_c Joseph Conrad
260 _aLondon
_bPan Books Limited
_c1975
300 _a208p.;
_c18cm.
942 _2lcc
_cMONOGRAPH
999 _c118900
_d118900